000 00311nam a22001457a 4500
003 SGT
020 _a978-81-239-2527-1
082 _a612.3
_bN15S
100 _aSHARMA,D.C
245 _aNUTRITIONAL BIOCHEMISTRY
260 _aNEW DELHI
_bCBS PUB
_c2015
300 _a178
650 _aPHARMACY
942 _2ddc
_cBK
999 _c11061
_d11061